Zeitschrift für Katalanistik

Bibliographic Details
Format: Serial
Language:German
PhysicalDescription:zv. tab. 21 cm
Published: Freiburg Albert - Ludwigs - Universität
ISSN:0932-2221

MARC

LEADER 00000nas a2200000 a 4500
001 vtls001313352
003 SK-MaSNL
005 20260221124226.0
008 971204c19uu9999gw ar 0 0b0ger
022 |a 0932-2221 
035 |a SNK000265772 
040 |a SNK  |b slo  |c SNK  |e AACR2 
041 0 |a ger 
044 |a gw  |c DE 
245 1 |a Zeitschrift für Katalanistik 
246 1 1 |a Revista d´Estudis Catalans 
260 |a Freiburg  |b Albert - Ludwigs - Universität 
300 |a zv.  |b tab.  |c 21 cm 
310 |a 1x ročne 
500 |a Roč. 9 vydala Biblioteca Catalana, Frankfurt am Main; Roč. 10-11 vydal TFM - Teo Ferrer de Mesquita; Roč. 12-15 vydal Deutscher Katalanistenverband, Tübingen 
500 |a Popis podľa: Vol. 16 (2003) 
500 |a Do r. 2002 spracované ako monografia 
910 |a snk 
999 |c 11902  |d 13832 
952 |0 0  |1 1  |4 0  |7 0  |8 2  |a SNK  |b SNK  |d 2005-10-04  |g 9.96  |i snk2005/16352  |l 0  |o snkČC 4099/16/2003  |p 17A0477525  |r 2026-02-21 20:07:03  |w 2026-02-21  |y PREZ 
952 |0 0  |1 1  |4 0  |7 0  |8 2  |a SNK  |b SNK  |d 2001-12-12  |i snkV 1718/2001  |l 0  |o snkČC 4099/14/2001  |p 17A0325259  |r 2005-01-02 00:00:00  |w 2026-02-21  |y PREZ 
952 |0 0  |1 1  |4 0  |7 0  |8 2  |a SNK  |b SNK  |d 2007-01-19  |g 9.96  |i snk2007/1662  |l 0  |o snkČC 4099/19/2006  |p 17A0534005  |r 2026-02-21 20:19:21  |w 2026-02-21  |y PREZ 
952 |0 0  |1 1  |4 0  |7 0  |8 2  |a SNK  |b SNK  |d 1997-12-04  |i snkV 2827/97  |l 0  |o snkČC 4099/10/1997  |p 17A0108505  |r 2005-01-02 00:00:00  |w 2026-02-21  |y PREZ 
952 |0 0  |1 1  |4 0  |7 0  |8 2  |a SNK  |b SNK  |d 2000-04-17  |i snkV 1197/96  |l 0  |o snkČC 4099/8/1995  |p 17A0006905  |r 2005-01-02 00:00:00  |w 2026-02-21  |y PREZ 
952 |0 0  |1 1  |4 0  |7 0  |8 2  |a SNK  |b SNK  |d 2000-04-17  |i snkV 1687/97  |l 0  |o snkČC 4099/9/1996  |p 17A0072182  |r 2005-01-02 00:00:00  |w 2026-02-21  |y PREZ 
952 |0 0  |1 1  |4 0  |7 0  |8 2  |a SNK  |b SNK  |d 2000-04-17  |i snkV 548/2000  |l 0  |o snkČC 4099/12/1999  |p 17A0234954  |r 2005-01-02 00:00:00  |w 2026-02-21  |y PREZ 
952 |0 0  |1 1  |4 0  |7 0  |8 2  |a SNK  |b SNK  |d 2000-10-26  |i snkV 1705/2000  |l 0  |o snkČC 4099/13/2000  |p 17A0256399  |r 2005-01-02 00:00:00  |w 2026-02-21  |y PREZ 
952 |0 0  |1 1  |4 0  |7 0  |8 2  |a SNK  |b SNK  |d 2003-05-12  |g 9.96  |i snkV 840/2003  |l 0  |o snkČC 4099/15/2002  |p 17A0380703  |r 2005-01-02 00:00:00  |w 2026-02-21  |y PREZ 
952 |0 0  |1 1  |4 0  |7 0  |8 2  |a SNK  |b SNK  |d 1998-10-01  |i snkV 1167/98  |l 0  |o snkČC 4099/11/1998  |p 17A0158110  |r 2005-01-02 00:00:00  |w 2026-02-21  |y PREZ 
952 |0 0  |1 1  |4 0  |7 0  |8 2  |a SNK  |b SNK  |d 2005-10-04  |g 9.96  |i snk2005/16350  |l 0  |o snkČC 4099/17/2004  |p 17A0477536  |r 2026-02-21 21:40:31  |w 2026-02-21  |y PREZ 
952 |0 0  |1 1  |4 0  |7 0  |8 2  |a SNK  |b SNK  |d 2005-10-04  |g 9.96  |i snk2005/16351  |l 0  |o snkČC 4099/18/2005  |p 17A0477537  |r 2026-02-21 21:40:31  |w 2026-02-21  |y PREZ